[Event "ICS rated blitz match"]
[Site "204.178.125.65"]
[Date "2000.09.18"]
[Round "?"]
[White "lsokol"]
[Black "Hossa"]
[Result "0-1"]
[WhiteElo "2393"]
[BlackElo "2516"]
[PlyCount "56"]
[EventDate "2000.??.??"]

1. d4 d5 2. Nf3 e6 3. g3 c5 4. Bg2 Nc6 5. O-O Nf6 6. c4 dxc4 7. Qa4 Bd7 8. Qxc4
b5 9. Qc2 cxd4 10. Bg5 h6 11. Bxf6 Qxf6 12. Ne5 Qxe5 13. Bxc6 Rd8 14. Nd2 Qxe2
15. Bxd7+ Kxd7 16. Rfe1 Qh5 17. Rac1 Bb4 18. Qc7+ Ke8 19. Re5 Qh3 20. Ne4 d3
21. Qc6+ Kf8 22. Qxb5 Be7 23. Nd2 Bg5 24. f4 Bf6 25. Re4 g6 26. Rc7 a6 27. Qc5+
Kg7 28. Qa7 Rhf8 {lsokol resigns} 0-1

[Event "ICS rated blitz match"]
[Site "204.178.125.65"]
[Date "2000.09.18"]
[Round "?"]
[White "Hossa"]
[Black "gimmeyoqueen"]
[Result "1-0"]
[WhiteElo "2527"]
[BlackElo "1963"]
[PlyCount "31"]
[EventDate "2000.??.??"]

1. e4 c5 2. Nf3 Nc6 3. d4 cxd4 4. Nxd4 Nf6 5. Nc3 d6 6. Bg5 g6 7. Bb5 Bd7 8.
Bxf6 exf6 9. O-O Bg7 10. Ba4 O-O 11. Ndb5 f5 12. Nxd6 fxe4 13. Nxb7 Qc7 14. Nc5
Bf5 15. Nd5 Qe5 16. Bxc6 {gimmeyoqueen resigns} 1-0

[Event "ICS rated blitz match"]
[Site "204.178.125.65"]
[Date "2000.09.18"]
[Round "?"]
[White "Hossa"]
[Black "Tinker"]
[Result "1/2-1/2"]
[WhiteElo "2528"]
[BlackElo "2451"]
[PlyCount "144"]
[EventDate "2000.??.??"]

1. e4 e5 2. Nf3 Nf6 3. Nxe5 d6 4. Nf3 Nxe4 5. d4 Bg4 6. Bd3 d5 7. O-O Nc6 8.
Re1 f5 9. h3 Bh5 10. g4 Bg6 11. Bb5 fxg4 12. hxg4 Bd6 13. Bg5 Qc8 14. Nh4 O-O
15. Be3 Qe6 16. Nxg6 Qxg6 17. a4 Bf4 18. Bxc6 Qxc6 19. Nd2 Ng5 20. Kg2 Bxe3 21.
fxe3 Qh6 22. Rh1 Qg6 23. Rh2 Ne6 24. Ra3 c5 25. dxc5 Nxc5 26. Kg1 Rad8 27. Qe2
Qf6 28. Ra2 Qe5 29. Rh3 Ne4 30. Nxe4 dxe4 31. a5 Rd5 32. a6 Rfd8 33. Ra1 Qxb2
34. Rf1 bxa6 35. Qxa6 Qb6 36. Qxb6 axb6 37. Rh2 Rc8 38. Rg2 Rdc5 39. Rf4 Rxc2
40. Rxe4 R2c4 41. Re7 b5 42. e4 b4 43. Ra2 b3 44. Raa7 Rc1+ 45. Kh2 R8c2+ 46.
Kg3 Rc3+ 47. Kf4 Rf1+ 48. Ke5 Rc5+ 49. Kd4 Rg5 50. Rab7 Rf8 51. Rxb3 Rxg4 52.
Rbb7 h5 53. Re5 h4 54. Rd7 Rg2 55. Rb7 h3 56. Rh5 h2 57. Rh3 Ra8 58. Rh5 g5 59.
Rbh7 Raa2 60. Rh8+ Kf7 61. R5h7+ Kg6 62. Rh6+ Kg7 63. R6h7+ Kf6 64. Rh6+ Ke7
65. R8h7+ Ke8 66. Rh8+ Kd7 67. R8h7+ Kd8 68. Rh8+ Ke7 69. R8h7+ Kf8 70. Rh8+
Kg7 71. R6h7+ Kg6 72. Rh6+ Kg7 {Game drawn by repetition} 1/2-1/2

[Event "ICS rated blitz match"]
[Site "204.178.125.65"]
[Date "2000.09.18"]
[Round "?"]
[White "Tinker"]
[Black "Hossa"]
[Result "0-1"]
[WhiteElo "2454"]
[BlackElo "2525"]
[PlyCount "36"]
[EventDate "2000.??.??"]

1. e4 e5 2. d4 exd4 3. Qxd4 Nc6 4. Qd1 Nf6 5. Nc3 Bb4 6. Bd2 Qe7 7. f3 d5 8.
Nge2 dxe4 9. Nxe4 Nxe4 10. fxe4 Qxe4 11. a3 Bc5 12. Bf4 Nd4 13. Rc1 Bf5 14. c3
Ne6 15. Bg3 Be3 16. Ra1 Rd8 17. Bf2 Rxd1+ 18. Rxd1 Nc5 {Tinker resigns} 0-1

[Event "ICS rated blitz match"]
[Site "204.178.125.65"]
[Date "2000.09.18"]
[Round "?"]
[White "Hossa"]
[Black "Tinker"]
[Result "1-0"]
[WhiteElo "2538"]
[BlackElo "2441"]
[PlyCount "69"]
[EventDate "2000.??.??"]

1. e4 e5 2. Nf3 Nf6 3. d4 Nxe4 4. Bd3 d5 5. Nxe5 Nd7 6. Nxd7 Bxd7 7. O-O Qh4 8.
c4 Bd6 9. g3 Qf6 10. cxd5 Ng5 11. Re1+ Kf8 12. Bxg5 Qxg5 13. Nc3 Kg8 14. Qb3
Rb8 15. Ne4 Qd8 16. Nxd6 cxd6 17. Qa3 Qb6 18. Re7 Rd8 19. Rae1 g6 20. Bf1 Kg7
21. Qf3 Rhf8 22. Rc1 Rc8 23. Rxc8 Bxc8 24. Qc3 Kg8 25. Be2 Bf5 26. g4 Rc8 27.
Qe3 Bb1 28. Qf4 Rf8 29. a3 Qxb2 30. Qxd6 Be4 31. Bf1 Bf3 32. Re3 Re8 33. Rxe8+
Kg7 34. g5 Qxf2+ 35. Kxf2 {Tinker resigns} 1-0

[Event "ICS Rated blitz match"]
[Site "204.178.125.65"]
[Date "2000.09.18"]
[Round "?"]
[White "Themanfromrio"]
[Black "Hossa"]
[Result "1/2-1/2"]
[WhiteElo "2010"]
[BlackElo "2550"]
[PlyCount "78"]
[EventDate "2000.??.??"]

1. e4 e5 2. Bc4 Nf6 3. d3 c6 4. Nf3 d5 5. Bb3 Bd6 6. Nc3 dxe4 7. Nxe4 Nxe4 8.
dxe4 O-O 9. Bg5 Qc7 10. Qe2 Na6 11. O-O-O Nc5 12. Rd2 Nxb3+ 13. axb3 Qa5 14.
Kb1 Bc5 15. Rhd1 Bg4 16. h3 Be6 17. Be3 Bb4 18. Rd3 f6 19. Bd2 c5 20. Rd6 Rfe8
21. Bxb4 cxb4 22. Nh4 Rac8 23. g4 Rc6 24. Rxc6 bxc6 25. Ng2 Rd8 26. Ne3 Rd4 27.
Nf5 Rxd1+ 28. Qxd1 Qb6 29. Qd6 Bxf5 30. gxf5 h6 31. Qe6+ Kh7 32. Qf7 Qd8 33.
Qxa7 Qd1+ 34. Ka2 Qxc2 35. Qf7 Qe2 36. Qg6+ Kg8 37. Qe8+ Kh7 38. Qg6+ Kg8 39.
Qe8+ Kh7 {Game drawn by mutual agreement} 1/2-1/2

[Event "ICS rated blitz match"]
[Site "204.178.125.65"]
[Date "2000.09.18"]
[Round "?"]
[White "Hossa"]
[Black "maese"]
[Result "1-0"]
[WhiteElo "2535"]
[BlackElo "1909"]
[PlyCount "62"]
[EventDate "2000.??.??"]

1. e4 e5 2. Nf3 Nc6 3. Nc3 Nf6 4. Nxe5 Nxe5 5. d4 Nc6 6. d5 Ne5 7. f4 Ng6 8. e5
Bb4 9. exf6 Qxf6 10. Qe2+ Ne7 11. Bd2 Bxc3 12. Bxc3 Qxf4 13. Bxg7 Rg8 14. Be5
Qb4+ 15. c3 Qh4+ 16. g3 Qg5 17. Bg2 d6 18. Bf4 Qg4 19. Bf3 Qf5 20. O-O-O Bd7
21. Rde1 O-O-O 22. Qxe7 Rge8 23. Qg5 Qd3 24. Bg4 f5 25. Rxe8 Rxe8 26. Rd1 Qe4
27. Bh5 Ba4 28. b3 Qg2 29. Bxe8 Bxe8 30. Qxf5+ Kb8 31. Re1 Bd7 {maese resigns}
1-0

[Event "ICS rated blitz match"]
[Site "204.178.125.65"]
[Date "2000.09.18"]
[Round "?"]
[White "Hossa"]
[Black "postalex"]
[Result "1-0"]
[WhiteElo "2543"]
[BlackElo "2071"]
[PlyCount "55"]
[EventDate "2000.??.??"]

1. e4 Nc6 2. d4 d5 3. Nc3 dxe4 4. d5 Ne5 5. Qd4 Ng6 6. Qxe4 Nf6 7. Qa4+ Bd7 8.
Bb5 a6 9. Bxd7+ Qxd7 10. Qxd7+ Nxd7 11. Nf3 Nc5 12. Be3 e5 13. O-O-O O-O-O 14.
Ng5 Rd7 15. b4 h6 16. Nf3 e4 17. Nd4 Nd3+ 18. cxd3 Bxb4 19. Nxe4 Rxd5 20. Nc2
Be7 21. Bd4 Nf4 22. Bxg7 Rg8 23. Bf6 Bf8 24. Ne3 Nxd3+ 25. Kc2 Nb4+ 26. Kb1 c6
27. Nxd5 cxd5 28. Ng3 {postalex resigns} 1-0

[Event "ICS rated standard match"]
[Site "204.178.125.65"]
[Date "2000.09.18"]
[Round "?"]
[White "Killer14"]
[Black "Hossa"]
[Result "0-1"]
[WhiteElo "1927"]
[BlackElo "2327"]
[PlyCount "60"]
[EventDate "2000.??.??"]

1. e4 e5 2. Nf3 Nc6 3. Bb5 a6 4. Ba4 Nf6 5. O-O Be7 6. Re1 b5 7. Bb3 d6 8. c3
O-O 9. d4 Bg4 10. d5 Na5 11. Bc2 c6 12. dxc6 Qc7 13. h3 Be6 14. Ng5 Qxc6 15.
Nxe6 fxe6 16. Nd2 Nb7 17. Nf1 Qe8 18. g4 Nd7 19. Bb3 Qf7 20. Be3 Na5 21. Ng3
Nxb3 22. Qxb3 Nc5 23. Bxc5 dxc5 24. Qc2 c4 25. Rad1 Bc5 26. Re2 Qf3 27. Kh2
Bxf2 28. Nf5 Rxf5 29. exf5 Qg3+ 30. Kh1 Qxh3# {Killer14 checkmated} 0-1

[Event "ICS rated blitz match"]
[Site "204.178.125.65"]
[Date "2000.09.18"]
[Round "?"]
[White "LrGenius"]
[Black "Hossa"]
[Result "1/2-1/2"]
[WhiteElo "2155"]
[BlackElo "2545"]
[PlyCount "162"]
[EventDate "2000.??.??"]

1. e4 e5 2. Nf3 Nc6 3. Bb5 a6 4. Ba4 Nf6 5. O-O Be7 6. Re1 b5 7. Bb3 d6 8. c3
O-O 9. h3 Bb7 10. d4 Re8 11. Nbd2 Bf8 12. a4 h6 13. Bc2 exd4 14. cxd4 Nb4 15.
Bb1 c5 16. d5 Nd7 17. Ra3 f5 18. exf5 Bxd5 19. Ne4 Bf7 20. Rae3 d5 21. Ng3 Rxe3
22. Bxe3 Qf6 23. Nh2 Qxb2 24. Ng4 bxa4 25. Qxa4 Nb6 26. Qd1 d4 27. Bd2 Bb3 28.
Qe2 Bc4 29. Qd1 N4d5 30. f6 Nxf6 31. Nxf6+ Kh8 32. Nfh5 Bb3 33. Qg4 Qxd2 34.
Qe4 d3 35. Bxd3 Bg8 36. Re2 Qb4 37. Qb7 Bd5 38. Qc7 c4 39. Be4 Bxe4 40. Rxe4
Qd6 41. Qf7 c3 42. Nxg7 Qd1+ 43. Kh2 Bxg7 44. Nf5 Rg8 45. Re8 Be5+ 46. Rxe5 Qd7
47. Re7 Rxg2+ 48. Kxg2 Qd5+ 49. Qxd5 Nxd5 50. Re8+ Kh7 51. Rc8 Kg6 52. Ne3 Nf4+
53. Kf3 Nxh3 54. Rxc3 Ng5+ 55. Kg2 h5 56. Rc6+ Kf7 57. Rxa6 Ne4 58. Rh6 Nf6 59.
Kh3 Ng8 60. Rxh5 Ke6 61. Ng4 Kd6 62. f4 Ne7 63. f5 Nd5 64. Rh6+ Kc7 65. f6 Kd8
66. Kh4 Kd7 67. Kg5 Ke6 68. Nf2 Kf7 69. Kf5 Ne3+ 70. Kg5 Nd5 71. Rh7+ Kg8 72.
Ra7 Kf8 73. Ne4 Nb6 74. f7 Nd5 75. Kg6 Nf4+ 76. Kf5 Nd5 77. Ng5 Ne7+ 78. Kf6
Nd5+ 79. Kg6 Nc7 80. Nh7+ Ke7 81. Rxc7+ Ke6 {
LrGenius ran out of time and Hossa has no material to mate} 1/2-1/2

[Event "ICS rated blitz match"]
[Site "204.178.125.65"]
[Date "2000.09.18"]
[Round "?"]
[White "Hossa"]
[Black "Valg"]
[Result "1-0"]
[WhiteElo "2532"]
[BlackElo "2462"]
[PlyCount "59"]
[EventDate "2000.??.??"]

1. e4 e5 2. Nf3 Nc6 3. Nc3 g6 4. d4 exd4 5. Nxd4 Bg7 6. Be3 d6 7. Be2 Nf6 8.
Nxc6 bxc6 9. e5 dxe5 10. Qxd8+ Kxd8 11. O-O-O+ Ke7 12. Bc5+ Ke8 13. Bf3 Bb7 14.
Nb5 Bh6+ 15. Kb1 Rc8 16. Nxa7 Ra8 17. Rhe1 Nd7 18. Bd4 f6 19. Nxc6 Kf7 20. Be3
Bxe3 21. Rxd7+ Ke8 22. Rxc7 Bxf2 23. Rf1 Bg3 24. hxg3 Ba6 25. Rd1 e4 26. Bxe4
Bb5 27. Bd5 Ra7 28. Rxa7 Be2 29. Be6 Bxd1 30. Ra8# {Valg checkmated} 1-0

[Event "ICS rated blitz match"]
[Site "204.178.125.65"]
[Date "2000.09.18"]
[Round "?"]
[White "Hossa"]
[Black "GSG"]
[Result "1-0"]
[WhiteElo "2551"]
[BlackElo "2287"]
[PlyCount "73"]
[EventDate "2000.??.??"]

1. e4 d6 2. d4 Nf6 3. Nc3 Nbd7 4. Nf3 c6 5. e5 dxe5 6. dxe5 Ng4 7. e6 fxe6 8.
Be2 Qb6 9. O-O g6 10. Ng5 Ngf6 11. Nxe6 Ne5 12. Na4 Bxe6 13. Nxb6 axb6 14. Qd4
Ned7 15. Bg5 Bg7 16. Rfd1 Kf7 17. Qf4 h6 18. Bxf6 Nxf6 19. Bd3 g5 20. Qe3 Nd5
21. Qf3+ Bf6 22. c3 Nf4 23. Bc2 Bd5 24. Qe3 Bxg2 25. Qxb6 Bf3 26. Rd2 g4 27.
Bb3+ Kg7 28. Qc7 Nh3+ 29. Kf1 Ng5 30. Rd7 Rae8 31. Qxb7 Ne4 32. Qb4 h5 33. Qc4
Rhf8 34. Bc2 Nd6 35. Qd3 Be4 36. Qxd6 Bxc2 37. Qxc6 {GSG resigns} 1-0

[Event "ICS Rated standard match"]
[Site "204.178.125.65"]
[Date "2000.09.18"]
[Round "?"]
[White "Hossa"]
[Black "BrazilianMaster"]
[Result "0-1"]
[WhiteElo "2330"]
[BlackElo "2616"]
[PlyCount "100"]
[EventDate "2000.??.??"]

1. e4 e5 2. Nf3 Nc6 3. Nc3 Nf6 4. Nxe5 Nxe5 5. d4 Nc6 6. d5 Ne5 7. f4 Ng6 8. e5
Ng8 9. d6 cxd6 10. exd6 Qf6 11. Nb5 Kd8 12. Be3 Nxf4 13. Qd2 Ne6 14. O-O-O b6
15. Nxa7 Ke8 16. Bxb6 Bb7 17. Kb1 Qe5 18. Nb5 Nf6 19. Bc4 Rc8 20. Nc7+ Nxc7 21.
dxc7 Rxc7 22. Rhe1 Ne4 23. Qd3 f5 24. Bf7+ Kxf7 25. Bxc7 Qxc7 26. Qxd7+ Qxd7
27. Rxd7+ Be7 28. Rxb7 Rd8 29. Kc1 Ke6 30. a4 Rd4 31. b3 Ba3+ 32. Kb1 Rd2 33.
g4 Rxh2 34. Rxg7 Kd5 35. Rd7+ Kc5 36. Rd3 Bb4 37. Ree3 Bd2 38. Rh3 Rxh3 39.
Rxh3 fxg4 40. Rxh7 g3 41. b4+ Bxb4 42. Rd7 Bd2 43. Re7 g2 44. Rxe4 g1=Q+ 45.
Ka2 Qc1 46. Re5+ Kc4 47. Rb5 Bc3 48. Rb1 Qxc2+ 49. Ka3 Qxb1 50. a5 Qb3# {
Hossa checkmated} 0-1

[Event "ICS Rated standard match"]
[Site "204.178.125.65"]
[Date "2000.09.18"]
[Round "?"]
[White "Hossa"]
[Black "chancery"]
[Result "1-0"]
[WhiteElo "2325"]
[BlackElo "1998"]
[PlyCount "63"]
[EventDate "2000.??.??"]

1. e4 c5 2. Nf3 d6 3. d4 cxd4 4. Nxd4 Nf6 5. Nc3 g6 6. Be3 Bg7 7. f3 O-O 8. Qd2
Nc6 9. Bc4 Bd7 10. O-O-O Ne5 11. Bb3 Qa5 12. g4 Rfc8 13. Bh6 Bxh6 14. Qxh6 Rxc3
15. bxc3 Qxc3 16. Kb1 a5 17. Qd2 Qc5 18. g5 Nh5 19. f4 Nc4 20. Bxc4 Qxc4 21.
Rhf1 a4 22. f5 a3 23. Qd3 Qc5 24. fxg6 hxg6 25. Qb3 e6 26. Qxb7 Ra7 27. Qb3 Ba4
28. Qb8+ Kg7 29. Nxe6+ fxe6 30. Qf8+ Kh7 31. Qh6+ Kg8 32. Rf8# {
chancery checkmated} 1-0

[Event "ICS rated blitz match"]
[Site "204.178.125.65"]
[Date "2000.09.18"]
[Round "?"]
[White "WoodPusher3"]
[Black "Hossa"]
[Result "0-1"]
[WhiteElo "1905"]
[BlackElo "2557"]
[PlyCount "52"]
[EventDate "2000.??.??"]

1. e4 e5 2. Nf3 Nc6 3. Bb5 a6 4. Ba4 Nf6 5. O-O Be7 6. Re1 b5 7. Bb3 d6 8. c3
O-O 9. h3 Bb7 10. d4 Re8 11. Ng5 Rf8 12. Nf3 Re8 13. Ng5 Rf8 14. Nf3 a5 15. a4
b4 16. Nbd2 bxc3 17. bxc3 exd4 18. cxd4 Nb4 19. d5 Nd7 20. Nd4 Bf6 21. N2f3 Nc5
22. Bc4 Re8 23. e5 dxe5 24. Nf5 e4 25. N3d4 Bxd5 26. Bxd5 Qxd5 {
WoodPusher3 resigns} 0-1

[Event "ICS rated standard match"]
[Site "204.178.125.65"]
[Date "2000.09.18"]
[Round "?"]
[White "stutsar"]
[Black "Hossa"]
[Result "0-1"]
[WhiteElo "1972"]
[BlackElo "2329"]
[PlyCount "25"]
[EventDate "2000.??.??"]

1. e4 e5 2. Nc3 Nf6 3. Bc4 Nxe4 4. Qh5 Nd6 5. Bb3 Nc6 6. Nb5 g6 7. Qf3 Nf5 8.
g4 a6 9. gxf5 axb5 10. fxg6 Qe7 11. Ne2 hxg6 12. d3 Na5 13. Be3 {
stutsar resigns} 0-1

[Event "ICS rated standard match"]
[Site "204.178.125.65"]
[Date "2000.09.18"]
[Round "?"]
[White "Hossa"]
[Black "stutsar"]
[Result "1-0"]
[WhiteElo "2333"]
[BlackElo "1968"]
[PlyCount "77"]
[EventDate "2000.??.??"]

1. e4 e5 2. Nf3 Nc6 3. Nc3 Nf6 4. Nxe5 Nxe5 5. d4 Ng6 6. e5 Ng8 7. Bc4 d6 8.
Qf3 Qd7 9. O-O dxe5 10. dxe5 Nxe5 11. Re1 Bd6 12. Bf4 f6 13. Bb5 c6 14. Rad1
Qe6 15. Qg3 Kf8 16. Bxe5 Bxe5 17. f4 cxb5 18. fxe5 Qb6+ 19. Re3 Bf5 20. Rd6 Qc5
21. Rd5 Qc8 22. Qf4 g5 23. Qb4+ Kf7 24. exf6 Be6 25. Rxg5 Qc4 26. Rg7+ Kxf6 27.
Ne4+ Kxg7 28. Rg3+ Kf7 29. Nd6+ Kf6 30. Nxc4 Nh6 31. Ne3 Kf7 32. Qf4+ Ke7 33.
Qc7+ Ke8 34. Rg7 Nf7 35. Rxf7 Bxf7 36. Nf5 Kf8 37. Qd6+ Kg8 38. Qh6 a6 39. Ne7#
{stutsar checkmated} 1-0

[Event "ICS rated blitz match"]
[Site "204.178.125.65"]
[Date "2000.09.18"]
[Round "?"]
[White "Hossa"]
[Black "PostModernist"]
[Result "1/2-1/2"]
[WhiteElo "2558"]
[BlackElo "2651"]
[PlyCount "228"]
[EventDate "2000.??.??"]

1. e4 e6 2. d4 d5 3. Nc3 Bb4 4. e5 Ne7 5. a3 Bxc3+ 6. bxc3 b6 7. Qg4 Rg8 8. Bd3
g6 9. Bh6 Ba6 10. Ne2 Bxd3 11. cxd3 Nf5 12. Bg5 Qd7 13. O-O h6 14. Bf6 Qc6 15.
Qh3 Nd7 16. g4 Nxf6 17. exf6 Nd6 18. Qxh6 O-O-O 19. a4 Rh8 20. Qd2 Rh4 21. f3
Rdh8 22. Rf2 Nb7 23. Qc1 Na5 24. Qa3 a6 25. Qe7 R4h7 26. Ra2 g5 27. Qa3 Rg8 28.
Ng3 Rh6 29. Qe7 Rh7 30. Rfc2 Re8 31. Qb4 e5 32. Nh5 e4 33. dxe4 dxe4 34. Ng7
Reh8 35. Nf5 Kb8 36. Rab2 Nb7 37. a5 bxa5 38. Ne7 axb4 39. Nxc6+ Kc8 40. fxe4
Nd6 41. e5 bxc3 42. Rxc3 Nb5 43. Rg3 Rh4 44. d5 R4h6 45. Rgb3 Rh4 46. Rb4 Kd7
47. Rd2 Ra8 48. Rc4 Ke8 49. e6 Nd6 50. Ra4 Rh6 51. Rf2 Rh3 52. exf7+ Nxf7 53.
Re4+ Kf8 54. Re7 Rh4 55. Rxc7 Rxg4+ 56. Kf1 Rh4 57. Kg2 Rg4+ 58. Kf3 Rg1 59.
Ke2 Re8+ 60. Kd3 Rd1+ 61. Kc2 Rxd5 62. Ne7 Rd6 63. Rf5 Red8 64. Ng6+ Kg8 65.
Ne5 Nxe5 66. Rxe5 Rxf6 67. Rxg5+ Kf8 68. Rh5 Rf7 69. Rh8+ Kg7 70. Rxf7+ Kxh8
71. Kc3 Kg8 72. Ra7 Rd6 73. Ra8+ Kf7 74. Ra7+ Kg6 75. Kc4 Kg5 76. h4+ Kxh4 77.
Rh7+ Kg3 78. Rg7+ Kf3 79. Rf7+ Ke4 80. Re7+ Kf5 81. Rf7+ Ke6 82. Ra7 Rb6 83.
Kc3 Kd5 84. Rd7+ Kc5 85. Rc7+ Kb5 86. Kb2 a5 87. Ka1 a4 88. Rc3 Re6 89. Rd3 Kb4
90. Rd4+ Kb3 91. Rd3+ Kc4 92. Rf3 Kb4 93. Rf4+ Kb3 94. Rf3+ Kc4 95. Rg3 Kb4 96.
Rg4+ Kb3 97. Rg3+ Kc2 98. Rg2+ Kc3 99. Rg3+ Kc4 100. Rf3 Re4 101. Rg3 Kb4 102.
Rh3 Re1+ 103. Ka2 Re2+ 104. Ka1 a3 105. Rh4+ Kb3 106. Rh3+ Ka4 107. Rh4+ Kb5
108. Rh5+ Kc4 109. Rh3 Re1+ 110. Ka2 Kb4 111. Rh4+ Kc3 112. Rh3+ Kd4 113. Kxa3
Re3+ 114. Rxe3 Kxe3 {Game drawn because neither player has mating material}
1/2-1/2

[Event "ICS Rated standard match"]
[Site "204.178.125.65"]
[Date "2000.09.18"]
[Round "?"]
[White "Hossa"]
[Black "BrazilianMaster"]
[Result "1/2-1/2"]
[WhiteElo "2336"]
[BlackElo "2582"]
[PlyCount "199"]
[EventDate "2000.??.??"]

1. e4 e5 2. Nf3 Nc6 3. Nc3 Nf6 4. Nxe5 Nxe5 5. d4 Nc6 6. d5 Ne5 7. f4 Ng6 8. e5
Ng8 9. d6 cxd6 10. exd6 Qf6 11. Nb5 Kd8 12. Be3 Nxf4 13. Qd2 Ne6 14. O-O-O b6
15. Nxa7 Ke8 16. Bxb6 Bb7 17. Kb1 Qe5 18. Nb5 Nf6 19. Bc4 Rc8 20. Nc7+ Nxc7 21.
dxc7 Rxc7 22. Rhe1 Ne4 23. Qd3 f5 24. Bf7+ Kxf7 25. Bxc7 Qxc7 26. Qxd7+ Qxd7
27. Rxd7+ Be7 28. Rxb7 Ra8 29. c4 Kf6 30. Rd7 Ke6 31. Rd3 h5 32. b3 Bb4 33.
Ree3 Ba3 34. h3 Ra5 35. Rd8 g5 36. Rc8 Kd7 37. Rh8 h4 38. Kc2 Bd6 39. a4 Kc6
40. Re1 Re5 41. Rh6 Kc7 42. Rh7+ Kc6 43. Re3 Be7 44. Rg7 Bd6 45. Rg6 Kc7 46.
Kb2 Bc5 47. Rd3 Be7 48. Rd4 Nc5 49. Rg7 Kb6 50. Rd2 Re3 51. Kc2 Nxb3 52. Rxe7
Na1+ 53. Kb2 Rxe7 54. Kxa1 Kc5 55. Rc2 Ra7 56. Ra2 Kxc4 57. Kb1 Ra5 58. Kc2 f4
59. Ra1 Re5 60. Kd1 f3 61. Rc1+ Kb4 62. Rb1+ Kxa4 63. gxf3 Re3 64. Rb2 Rxf3 65.
Rg2 Rxh3 66. Rg4+ Kb3 67. Rxg5 Rc3 68. Rb5+ Kc4 69. Re5 Kd4 70. Rf5 Ke3 71. Rh5
Rc4 72. Rh7 Rg4 73. Re7+ Kf2 74. Rf7+ Kg2 75. Ke2 h3 76. Rf2+ Kh1 77. Rf1+ Kh2
78. Rf2+ Rg2 79. Kf1 Kh1 80. Rf3 h2 81. Rh3 Rg7 82. Rf3 Rg1+ 83. Kf2 Rg2+ 84.
Ke1 Rd2 85. Kf1 Rd8 86. Kf2 Rc8 87. Kf1 Rc1+ 88. Kf2 Rc2+ 89. Kf1 Rc8 90. Kf2
Rg8 91. Re3 Rf8+ 92. Kg3 Rf1 93. Kh3 Ra1 94. Rf3 Rc1 95. Rg3 Rc7 96. Re3 Kg1
97. Rg3+ Kf2 98. Kxh2 Rh7+ 99. Rh3 Rxh3+ 100. Kxh3 {
Game drawn because neither player has mating material} 1/2-1/2

[Event "ICS rated blitz match"]
[Site "204.178.125.65"]
[Date "2000.09.18"]
[Round "?"]
[White "Valg"]
[Black "Hossa"]
[Result "0-1"]
[WhiteElo "2467"]
[BlackElo "2562"]
[PlyCount "120"]
[EventDate "2000.??.??"]

1. e4 e5 2. Nf3 Nc6 3. Bc4 Bc5 4. b4 Bxb4 5. c3 Ba5 6. d4 d6 7. Qb3 Qd7 8. O-O
exd4 9. cxd4 Bb6 10. Bb5 a6 11. Ba4 f5 12. d5 fxe4 13. dxc6 bxc6 14. Qc4 Ne7
15. Qxe4 d5 16. Qf4 Bb7 17. Re1 Ba5 18. Ne5 Qe6 19. Re2 O-O-O 20. Qf3 Qf5 21.
Qxf5+ Nxf5 22. Bxc6 Bb6 23. Bxb7+ Kxb7 24. Na3 Rhf8 25. Bg5 Rde8 26. Ree1 Nd6
27. Nd3 Ne4 28. Bh4 g5 29. Bg3 h5 30. Rab1 h4 31. Be5 Kc8 32. Ba1 Kd7 33. Re2
Nxf2 34. Rxf2 Rxf2 35. Nxf2 Re2 36. Rf1 g4 37. Nc4 dxc4 38. g3 Rxa2 39. Bc3 h3
40. Rd1+ Ke6 41. Re1+ Kf7 42. Rf1 a5 43. Be1 Ra3 44. Bd2 Rf3 45. Bg5 c3 46. Bf4
a4 47. Bc1 c2 48. Kh1 Bxf2 49. Rxf2 Rxf2 50. Kg1 Rg2+ 51. Kf1 Rxh2 52. Kg1 Rg2+
53. Kf1 Rxg3 54. Kf2 h2 55. Kxg3 h1=Q 56. Bb2 a3 57. Bxa3 Qf3+ 58. Kh2 Qf2+ 59.
Kh1 g3 60. Bc1 Qf1# {Valg checkmated} 0-1

[Event "ICS rated blitz match"]
[Site "204.178.125.65"]
[Date "2000.09.18"]
[Round "?"]
[White "Hossa"]
[Black "LoadedGun"]
[Result "1-0"]
[WhiteElo "2574"]
[BlackElo "2394"]
[PlyCount "165"]
[EventDate "2000.??.??"]

1. e4 e5 2. Nf3 Nf6 3. Nxe5 d6 4. Nf3 Nxe4 5. d4 d5 6. Bd3 Be7 7. O-O Nc6 8.
Re1 Bg4 9. c3 Nf6 10. h3 Bd7 11. Bf4 O-O 12. Nbd2 Nh5 13. Be3 Qc8 14. Ne5 Nf6
15. Bg5 Qd8 16. Qc2 h6 17. Bxf6 Bxf6 18. Nxd7 Qxd7 19. Nb3 Qd6 20. Re2 Be7 21.
Rae1 Rfe8 22. Bb5 a6 23. Bxc6 bxc6 24. Na5 Qd7 25. Qa4 Bd6 26. Qxc6 Qxc6 27.
Nxc6 Rxe2 28. Rxe2 Kf8 29. h4 a5 30. g3 g5 31. h5 a4 32. Kg2 f5 33. Re6 Kg7 34.
Rg6+ Kh7 35. a3 Rg8 36. Rf6 Rf8 37. Rxf8 Bxf8 38. Kf3 Kg7 39. Ke3 Kf6 40. Kd3
f4 41. g4 Bd6 42. c4 dxc4+ 43. Kxc4 Ke6 44. d5+ Kd7 45. f3 Bf8 46. b3 axb3 47.
Kxb3 Kc8 48. a4 Kb7 49. Kc4 Ka6 50. Kd4 Bg7+ 51. Ke4 Kb6 52. a5+ Kb5 53. Kf5
Bf8 54. Kg6 Ka6 55. Kf7 Bc5 56. Kg7 Ba3 57. Kxh6 Kb5 58. Kxg5 Bb2 59. h6 Bc3
60. h7 Bg7 61. Kxf4 Bf6 62. Kf5 Bg7 63. Kg6 Bh8 64. f4 Kc5 65. a6 Kb6 66. f5
Kxa6 67. f6 Bxf6 68. Kxf6 Kb5 69. g5 Kc5 70. g6 Kxd5 71. g7 Kxc6 72. Kg6 Kc5
73. Kh6 Kb4 74. Kg5 c5 75. Kf5 c4 76. Ke4 c3 77. Kd3 c2 78. Kxc2 Kc5 79. g8=Q
Kc6 80. Qg5 Kd6 81. h8=Q Kd7 82. Qd5+ Ke7 83. Qhd8# {LoadedGun checkmated} 1-0

[Event "ICS rated blitz match"]
[Site "204.178.125.65"]
[Date "2000.09.18"]
[Round "?"]
[White "PostModernist"]
[Black "Hossa"]
[Result "1-0"]
[WhiteElo "2651"]
[BlackElo "2582"]
[PlyCount "143"]
[EventDate "2000.??.??"]

1. d4 Nf6 2. c4 e6 3. Nf3 b6 4. e3 Bb7 5. Bd3 Bb4+ 6. Nc3 c5 7. O-O d6 8. Na4
O-O 9. a3 Ba5 10. Rb1 Nc6 11. d5 exd5 12. cxd5 Nxd5 13. Bxh7+ Kxh7 14. Qxd5 Kg8
15. b4 cxb4 16. axb4 Bxb4 17. Rxb4 Nxb4 18. Qxb7 Re8 19. Nd4 d5 20. Nc6 Nxc6
21. Qxc6 Rc8 22. Qb5 Qh4 23. Nb2 Red8 24. Rd1 Rc2 25. Qf1 Rdc8 26. Nd3 a5 27.
Nf4 Qe7 28. Bd2 Qe4 29. f3 Qc4 30. Ne2 Ra2 31. Qf2 Re8 32. Nd4 b5 33. Qe1 b4
34. h3 g6 35. Kh1 Ra8 36. Kh2 Re8 37. f4 Qc7 38. Qf2 a4 39. Qh4 Rxd2 40. Rxd2
Rxe3 41. Nf3 Qd6 42. Ng5 Kf8 43. Rc2 Qb6 44. Rc8+ Ke7 45. Nxf7+ Ke6 46. f5+
gxf5 47. Qh6+ Kxf7 48. Qxb6 Re6 49. Rc7+ Re7 50. Rxe7+ Kxe7 51. Qxb4+ Kf6 52.
Qxa4 Ke7 53. Kg3 Kd6 54. Kf4 Kc5 55. Qa5+ Kc4 56. Qxd5+ Kc3 57. Qb3+ Kd4 58.
Qc4+ Kxc4 59. Kxf5 Kd5 60. g4 Kd6 61. g5 Kd7 62. g6 Ke7 63. h4 Kf8 64. Kf6 Ke8
65. g7 Kd8 66. g8=Q+ Kc7 67. Qd5 Kb8 68. Qf7 Ka8 69. h5 Kb8 70. h6 Kc8 71. h7
Kd8 72. h8=Q# {Hossa checkmated} 1-0

[Event "ICS rated blitz match"]
[Site "204.178.125.65"]
[Date "2000.09.18"]
[Round "?"]
[White "Hossa"]
[Black "PostModernist"]
[Result "0-1"]
[WhiteElo "2569"]
[BlackElo "2664"]
[PlyCount "152"]
[EventDate "2000.??.??"]

1. e4 e6 2. d4 d5 3. Nc3 Bb4 4. e5 Ne7 5. a3 Bxc3+ 6. bxc3 b6 7. Qg4 Ng6 8. h4
O-O 9. h5 f5 10. Qg5 Ne7 11. h6 g6 12. a4 Bb7 13. Ba3 Nbc6 14. Nf3 Qd7 15. Bb5
Rae8 16. O-O a6 17. Bd3 Nd8 18. Qf4 a5 19. Bb5 Bc6 20. Rab1 Bxb5 21. Rxb5 Nf7
22. Qh4 Nd8 23. Ra1 Ndc6 24. Qg5 Rb8 25. Rd1 Rbe8 26. Rbb1 Nd8 27. Ra1 Nf7 28.
Qh4 Nd8 29. Ng5 Kh8 30. Re1 Kg8 31. Qf4 Nf7 32. Qg3 Nxh6 33. Qh4 Kg7 34. Bc1
Neg8 35. Be3 Qe7 36. Reb1 Rb8 37. Ra2 Kh8 38. Bf4 Rfe8 39. Rab2 Qa3 40. Nxe6
Rxe6 41. Bxh6 Nxh6 42. Qxh6 Qxc3 43. Qf4 Qc4 44. Ra1 c5 45. Ra3 cxd4 46. Qh4
Qe2 47. f4 g5 48. fxg5 Qxe5 49. Rb1 Qe4 50. Qf2 Rc8 51. Rd3 Rc4 52. Ra1 Re5 53.
g6 hxg6 54. Rh3+ Kg7 55. Qd2 f4 56. Rd3 Qe2 57. Qxf4 Rxc2 58. Rg3 Qe4 59. Rf1
Qxf4 60. Rxf4 Rc1+ 61. Rf1 Ree1 62. Rxe1 Rxe1+ 63. Kh2 Ra1 64. Rb3 Rxa4 65.
Rxb6 d3 66. Rb7+ Kf6 67. Rb2 Ke5 68. Kg3 Ke4 69. Kf2 Rc4 70. Ke1 Ke3 71. Kd1
Rh4 72. Re2+ dxe2+ 73. Kc1 e1=Q+ 74. Kb2 Rb4+ 75. Ka2 Qd2+ 76. Ka3 Qb2# {
Hossa checkmated} 0-1